000 00307nam a22001337a 4500
008 180906b xxu||||| |||| 00| 0 eng d
020 _a9780131175297
041 _aeng
080 _24 ED
_a370
100 _a46
101 _aEDU
245 _aArriba Comunication y Cultura
_cBazanZ.E
942 _2udc
_cBK
999 _c47576
_d47576